[Event "Montreal CAN, Pere Noel Open 2022"]
[Site "Montreal CAN"]
[Date "2022.12.29"]
[Round "4.12"]
[White "Robichaud, Louis"]
[Black "Wang, Derek"]
[Result "0-1"]
[WhiteElo "2032"]
[BlackElo "1678"]
[PlyCount "80"]
[EventDate "2022.12.27"]
[EventType "swiss"]
[EventRounds "7"]
[EventCountry "CAN"]
[Source "ChessMix "]
[SourceDate "2023.01.10"]

1. e4 c5 2. d3 Nc6 3. f4 e6 4. Nf3 Nge7 5. Be2 d5 6. O-O g6 7. e5 Bg7 8. c3 O-O
9. Na3 a6 10. Be3 b6 11. Nc2 Bd7 12. g4 f5 13. exf6 Bxf6 14. d4 c4 15. Qd2 b5
16. Ne5 Nc8 17. Bf3 Nd6 18. Qg2 Kh8 19. Rae1 Ne7 20. Bc1 Bc8 21. Kh1 Bb7 22.
Ne3 Ne4 23. Nd1 Nc8 24. Nf2 Ncd6 25. Qh3 Qe8 26. Bg2 a5 27. Nd1 b4 28. Ne3 Rc8
29. g5 Bxe5 30. dxe5 Nf5 31. Ng4 Nc5 32. Nf6 Qe7 33. Qg4 d4 34. cxd4 Nd3 35. d5
Nxc1 36. Rxc1 Ne3 37. Qh3 Nxg2 38. Kxg2 Bxd5+ 39. Kf2 Qa7+ 40. Ke1 Bg2 0-1

[Event "Montreal CAN, Pere Noel Open 2022"]
[Site "Montreal CAN"]
[Date "2022.12.29"]
[Round "4.13"]
[White "Kot, Emanuel"]
[Black "Bassel, Charaf"]
[Result "1-0"]
[WhiteElo "1955"]
[BlackElo "2006"]
[PlyCount "109"]
[EventDate "2022.12.27"]
[EventType "swiss"]
[EventRounds "7"]
[EventCountry "CAN"]
[Source "ChessMix "]
[SourceDate "2023.01.10"]

1. e4 e5 2. Nf3 Nc6 3. Bb5 a6 4. Ba4 Nf6 5. O-O b5 6. Bb3 Be7 7. Re1 d6 8. a4
Rb8 9. axb5 axb5 10. c3 Bg4 11. d4 exd4 12. cxd4 Bxf3 13. gxf3 O-O 14. Nc3 Qd7
15. d5 Nb4 16. Qe2 c5 17. dxc6 Nxc6 18. Be3 Ne5 19. f4 Nc4 20. Ra7 Rb7 21. Rxb7
Qxb7 22. Bd4 Na5 23. Bd5 Nc6 24. Bxc6 Qxc6 25. Qxb5 Qxb5 26. Nxb5 Rb8 27. Na7
Kf8 28. Nc6 Rc8 29. Nxe7 Kxe7 30. Kg2 Rc2 31. Kf3 g6 32. Ke3 Nd7 33. Kd3 Rc7
34. b4 Kd8 35. Ra1 Rb7 36. Kc4 Kc7 37. b5 Nb6+ 38. Bxb6+ Kxb6 39. Ra6+ Kc7 40.
e5 dxe5 41. fxe5 Kb8 42. Kc5 Rc7+ 43. Rc6 Re7 44. Kd6 Re6+ 45. Kd5 Re7 46. f4
Ra7 47. Rb6+ Kc8 48. Ra6 Re7 49. h3 h5 50. h4 Kb7 51. Kd6 Re8 52. Kd7 Rb8 53.
Ke7 Rc8 54. Kxf7 Rc4 55. Rf6 1-0

[Event "Montreal CAN, Pere Noel Open 2022"]
[Site "Montreal CAN"]
[Date "2022.12.29"]
[Round "4.14"]
[White "Hrivnak, Vladimir"]
[Black "Bain-Thouverez, Aurelien"]
[Result "1/2-1/2"]
[WhiteElo "2235"]
[BlackElo "1719"]
[PlyCount "82"]
[EventDate "2022.12.27"]
[EventType "swiss"]
[EventRounds "7"]
[EventCountry "CAN"]
[Source "ChessMix "]
[SourceDate "2023.01.10"]

1. e4 Nf6 2. e5 Nd5 3. c4 Nb6 4. c5 Nd5 5. Nc3 e6 6. Nxd5 exd5 7. d4 d6 8. exd6
cxd6 9. Bb5+ Nc6 10. Qe2+ Be7 11. cxd6 Qxd6 12. Nf3 Bg4 13. O-O O-O 14. Bxc6
bxc6 15. h3 Bh5 16. Qe5 Bxf3 17. Qxd6 Bxd6 18. gxf3 Rfe8 19. Bd2 Re2 20. Bc3
Rae8 21. Rfe1 Rxe1+ 22. Rxe1 Rxe1+ 23. Bxe1 Kf8 24. Kf1 Ke7 25. b3 Ke6 26. Bd2
c5 27. dxc5 Bxc5 28. Ke2 d4 29. Kd3 Kd5 30. Bf4 a6 31. Bc7 h5 32. Bd8 Bb4 33.
Bb6 Bc5 34. Bxc5 Kxc5 35. a3 a5 36. f4 h4 37. f5 Kd5 38. f4 Kc5 39. Kd2 Kd5 40.
Kd3 Kc5 41. Kd2 Kd5 1/2-1/2

[Event "Montreal CAN, Pere Noel Open 2022"]
[Site "Montreal CAN"]
[Date "2022.12.29"]
[Round "4.15"]
[White "Singher, Jean Pierre"]
[Black "Navarro, Pavel E"]
[Result "0-1"]
[WhiteElo "1934"]
[BlackElo "2152"]
[PlyCount "94"]
[EventDate "2022.12.27"]
[EventType "swiss"]
[EventRounds "7"]
[EventCountry "CAN"]
[Source "ChessMix "]
[SourceDate "2023.01.10"]

1. d4 Nf6 2. c4 g6 3. h4 h5 4. Nf3 Bg7 5. Nc3 d6 6. e4 O-O 7. Bg5 Nbd7 8. Be2
c5 9. d5 b5 10. cxb5 a6 11. a4 Qa5 12. O-O Re8 13. bxa6 Bxa6 14. Bb5 Bxb5 15.
axb5 Qb4 16. Qc2 Nb6 17. Nd2 Nfd7 18. Rxa8 Nxa8 19. Ra1 Nab6 20. Qb3 f6 21. Be3
Qxb3 22. Nxb3 Nc4 23. Ra7 Ndb6 24. Bc1 f5 25. exf5 gxf5 26. Nd2 Nxd2 27. Bxd2
Bxc3 28. Bxc3 Nxd5 29. Rb7 Kf7 30. Kf1 Ke6 31. Ke2 Nxc3+ 32. bxc3 Kd5 33. Kd3
c4+ 34. Ke3 e5 35. f4 Rg8 36. fxe5 dxe5 37. b6 Rg3+ 38. Kf2 Rxc3 39. Rh7 Rb3
40. Rxh5 Ke4 41. Rh6 f4 42. Rd6 Rb2+ 43. Ke1 Rxg2 44. b7 Ke3 45. Kd1 Rb2 46.
Rd7 f3 47. Kc1 Rb6 0-1

[Event "Montreal CAN, Pere Noel Open 2022"]
[Site "Montreal CAN"]
[Date "2022.12.29"]
[Round "4.17"]
[White "Yan, Alex Jikai"]
[Black "Chapdelaine, Gwyn"]
[Result "0-1"]
[WhiteElo "1685"]
[BlackElo "1833"]
[PlyCount "108"]
[EventDate "2022.12.27"]
[EventType "swiss"]
[EventRounds "7"]
[EventCountry "CAN"]
[Source "ChessMix "]
[SourceDate "2023.01.10"]

1. e4 e5 2. Nf3 Nc6 3. Bc4 Nf6 4. d3 h6 5. O-O Be7 6. Re1 O-O 7. c3 d6 8. Bb3
Bg4 9. h3 Bh5 10. Nbd2 Qd7 11. Nf1 Rad8 12. Ng3 Bg6 13. Nh4 Kh7 14. Nhf5 d5 15.
Qf3 d4 16. c4 Na5 17. Bd2 b6 18. h4 Bxf5 19. Nxf5 Nxb3 20. axb3 a5 21. g4 Bb4
22. Bxb4 axb4 23. Ra4 Qe6 24. g5 Ng8 25. Kg2 g6 26. Nxh6 Nxh6 27. gxh6 f5 28.
Ra7 Rf7 29. h5 Rdf8 30. Qh3 Qf6 31. hxg6+ Qxg6+ 32. Kh1 fxe4 33. dxe4 Qxh6 34.
Qxh6+ Kxh6 35. f3 Rxf3 36. Rxc7 Rg8 37. Rc6+ Kh5 38. Re2 Rh3+ 39. Rh2 Rxh2+ 40.
Kxh2 Rg4 41. Rxb6 Rxe4 42. c5 Re2+ 43. Kg3 Rc2 44. Rxb4 Rxc5 45. Kf3 d3 46. Ke3
Rd5 47. Kd2 Kg5 48. Rb8 e4 49. Re8 Kf4 50. b4 Rb5 51. Rf8+ Ke5 52. Re8+ Kd4 53.
Rd8+ Rd5 54. Re8 Re5 0-1

[Event "Montreal CAN, Pere Noel Open 2022"]
[Site "Montreal CAN"]
[Date "2022.12.29"]
[Round "4.18"]
[White "Rauch, Frank"]
[Black "Jiang Barron, Jiyu"]
[Result "1-0"]
[WhiteElo "1698"]
[BlackElo "1701"]
[PlyCount "117"]
[EventDate "2022.12.27"]
[EventType "swiss"]
[EventRounds "7"]
[EventCountry "CAN"]
[Source "ChessMix "]
[SourceDate "2023.01.10"]

1. d4 Nf6 2. c4 e5 3. dxe5 Ng4 4. Nc3 Bc5 5. e3 Nxe5 6. Nf3 Nbc6 7. Be2 a5 8.
O-O O-O 9. Qd5 d6 10. b3 Be6 11. Qd2 Nxf3+ 12. Bxf3 Ne5 13. Be2 f5 14. Bb2 Ng6
15. Bf3 c6 16. g3 Qg5 17. Bg2 Rad8 18. Rad1 Ne7 19. Ne2 d5 20. Qxa5 b6 21. Qc3
dxc4 22. bxc4 Ra8 23. Nf4 Bf7 24. a3 Ra4 25. Rd7 Rxc4 26. Qe5 Qf6 27. Qxf6 gxf6
28. Bxf6 Be8 29. Rxe7 Bxe7 30. Bxe7 Rf7 31. Bd8 b5 32. Bb6 Rd7 33. Ne6 Rd3 34.
Nd4 Bd7 35. Ra1 Rdc3 36. Ne2 Rb3 37. Bd4 Ra4 38. Rc1 Raxa3 39. Bxc6 Bxc6 40.
Rxc6 Rb1+ 41. Kg2 Rd1 42. Nc3 Rd3 43. Nxb5 Ra2 44. Nd6 Ra8 45. Nxf5 h5 46. Rc7
Ra5 47. Nh6+ Kf8 48. Bf6 Ke8 49. Rc8+ Kd7 50. Rd8+ Ke6 51. Rxd3 h4 52. Bxh4 Ra4
53. Rd4 Ra5 54. Re4+ Kd5 55. Re8 Ra2 56. g4 Kc4 57. g5 Kd3 58. g6 Ra4 59. g7
1-0

[Event "Montreal CAN, Pere Noel Open 2022"]
[Site "Montreal CAN"]
[Date "2022.12.29"]
[Round "4.19"]
[White "Steinberg, Ellis"]
[Black "Berube, Maximilien"]
[Result "0-1"]
[WhiteElo "1768"]
[BlackElo "1592"]
[PlyCount "94"]
[EventDate "2022.12.27"]
[EventType "swiss"]
[EventRounds "7"]
[EventCountry "CAN"]
[Source "ChessMix "]
[SourceDate "2023.01.10"]

1. e4 c6 2. d4 d5 3. exd5 cxd5 4. Bd3 Nc6 5. c3 Qc7 6. Bg5 e6 7. Nf3 Bd6 8.
Nbd2 Nge7 9. O-O Ng6 10. Rc1 O-O 11. Re1 Nf4 12. Bb1 b6 13. Ne5 Nxe5 14. Bxf4
Nf3+ 15. Qxf3 Bxf4 16. g3 Bxd2 17. Qd3 g6 18. Qxd2 Bb7 19. h4 Rae8 20. h5 e5
21. hxg6 fxg6 22. Rxe5 Rxe5 23. dxe5 Qxe5 24. Re1 Qf6 25. Bc2 Rd8 26. Bb3 Kg7
27. Qe3 Rd7 28. Qe8 Rf7 29. Qe3 Rd7 30. f4 Ba6 31. Kf2 Bc4 32. Qe8 Rf7 33. Qe5
Rd7 34. Ke3 Re7 35. Kd4 Rxe5 36. Rxe5 Bxb3 37. axb3 h5 38. Kxd5 h4 39. gxh4
Qxf4 40. Re4 Qd2+ 41. Kc4 Kf7 42. Rd4 Qe2+ 43. Kb4 Qxb2 44. Rd7+ Kf6 45. Rxa7
Qf2 46. Rh7 Qc5+ 47. Ka4 Qa5# 0-1

[Event "Montreal CAN, Pere Noel Open 2022"]
[Site "Montreal CAN"]
[Date "2022.12.30"]
[Round "5.1"]
[White "Roussel-Roozmon, Thomas"]
[Black "Sambuev, Bator"]
[Result "1-0"]
[WhiteElo "2461"]
[BlackElo "2410"]
[PlyCount "61"]
[EventDate "2022.12.27"]
[EventType "swiss"]
[EventRounds "7"]
[EventCountry "CAN"]
[Source "ChessMix "]
[SourceDate "2023.01.10"]

1. Nf3 d5 2. g3 Nf6 3. Bg2 e6 4. O-O Be7 5. d3 c5 6. Nbd2 Nc6 7. e4 Qc7 8. Re1
b6 9. Qe2 Bb7 10. e5 Nd7 11. h4 h6 12. h5 O-O-O 13. a3 Rdf8 14. c4 g5 15. hxg6
fxg6 16. cxd5 exd5 17. b4 h5 18. Bb2 d4 19. Rac1 h4 20. e6 Ndb8 21. gxh4 g5 22.
hxg5 Bxg5 23. Nxg5 Nxb4 24. Nde4 N4c6 25. Qg4 Ne5 26. Qg3 Nbc6 27. Nxc5 bxc5
28. Rxc5 Rf5 29. Bxd4 Qe7 30. Rexe5 Rxe5 31. Qxe5 1-0

[Event "Montreal CAN, Pere Noel Open 2022"]
[Site "Montreal CAN"]
[Date "2022.12.30"]
[Round "5.2"]
[White "Rodrigue-Lemieux, Shawn"]
[Black "Ouellet, Maili Jade"]
[Result "1-0"]
[WhiteElo "2463"]
[BlackElo "2220"]
[PlyCount "123"]
[EventDate "2022.12.27"]
[EventType "swiss"]
[EventRounds "7"]
[EventCountry "CAN"]
[Source "ChessMix "]
[SourceDate "2023.01.10"]

1. a3 d5 2. Nf3 c5 3. e3 Nf6 4. d4 cxd4 5. exd4 Nc6 6. Bb5 Bg4 7. h3 Bxf3 8.
Qxf3 Qb6 9. Qd3 e6 10. O-O Bd6 11. Nd2 O-O 12. Nf3 Rac8 13. Ba4 Na5 14. c3 Nb3
15. Rb1 Ne4 16. c4 Nxc1 17. Rfxc1 Qa5 18. Bd7 Rb8 19. b4 Qd8 20. Ba4 Bf4 21.
Re1 Qc7 22. cxd5 exd5 23. Bb3 Rbc8 24. Rb2 Nf6 25. Rc2 Qd6 26. Ne5 Rxc2 27.
Qxc2 Re8 28. Ba4 Rd8 29. g3 Bxe5 30. Rxe5 Nd7 31. Re3 Nb6 32. Bb3 g6 33. Qc5
Kf8 34. Kf1 Qxc5 35. dxc5 Na8 36. Ke2 Nc7 37. Kd3 b6 38. cxb6 axb6 39. Kc2 Re8
40. Rxe8+ Kxe8 41. a4 Kd7 42. Kc3 Kd6 43. f4 Na6 44. Bc2 Nc7 45. h4 Ne6 46. h5
Ng7 47. h6 Ne8 48. g4 Nf6 49. Bd1 Ng8 50. g5 Ne7 51. Bc2 Ke6 52. a5 bxa5 53.
bxa5 Nc6 54. a6 Na7 55. Kb4 Kd6 56. Bxg6 fxg6 57. f5 Nc6+ 58. Ka3 Kc7 59. fxg6
Ne7 60. g7 d4 61. g6 d3 62. Kb2 1-0

[Event "Montreal CAN, Pere Noel Open 2022"]
[Site "Montreal CAN"]
[Date "2022.12.30"]
[Round "5.3"]
[White "Chiku-Ratte, Olivier-Kenta"]
[Black "Clyde, Jordan"]
[Result "1/2-1/2"]
[WhiteElo "2338"]
[BlackElo "2114"]
[PlyCount "145"]
[EventDate "2022.12.27"]
[EventType "swiss"]
[EventRounds "7"]
[EventCountry "CAN"]
[Source "ChessMix "]
[SourceDate "2023.01.10"]

1. d4 d6 2. c4 e5 3. Nc3 Nc6 4. Nf3 exd4 5. Nxd4 Ne5 6. g3 c6 7. b3 d5 8. cxd5
Bb4 9. Bd2 Qe7 10. Qc2 Qc5 11. e3 Nf6 12. Bg2 O-O 13. Rc1 cxd5 14. O-O Be6 15.
Nxd5 Bxd5 16. Qxc5 Bxc5 17. Rxc5 Bxg2 18. Kxg2 Rfe8 19. Rc7 Rab8 20. Rd1 Rec8
21. Rdc1 Rd8 22. Ba5 Re8 23. R7c2 b6 24. Bc3 Ne4 25. Nb5 Nd3 26. Rd1 Ndxf2 27.
Rxf2 a6 28. Nc7 Nxc3 29. Rd7 Rbd8 30. Rxd8 Rxd8 31. Rc2 Rd3 32. Nxa6 Rxe3 33.
Nb4 Kf8 34. Kf2 Nd1+ 35. Kf1 Nc3 36. Rd2 Re6 37. Rd8+ Re8 38. Rd3 Rc8 39. Kf2
Nxa2 40. Nd5 Rd8 41. Nf4 Rxd3 42. Nxd3 Nc3 43. Ke3 Nb5 44. Ne5 Ke7 45. Nc4 f5
46. Nxb6 g5 47. Nc4 Ke6 48. Nd2 Kd5 49. Kd3 f4 50. gxf4 gxf4 51. Nf3 Nd6 52.
Ng5 h6 53. Nh3 Ke5 54. Ng1 h5 55. b4 Kd5 56. Ne2 Ke5 57. Nd4 Kd5 58. Nc2 Nf7
59. b5 Ne5+ 60. Ke2 Kc5 61. Na3 h4 62. h3 Kb6 63. Kf2 Kc5 64. Kg2 Kb6 65. Kf2
Kc5 66. Ke2 Kb6 67. Kd2 Nf3+ 68. Ke2 Ng5 69. Kf2 Nxh3+ 70. Kf3 Kc5 71. Kg4 Ng5
72. Kxf4 h3 73. Kg3 1/2-1/2

[Event "Montreal CAN, Pere Noel Open 2022"]
[Site "Montreal CAN"]
[Date "2022.12.30"]
[Round "5.4"]
[White "Tanaka, Taira Tyler"]
[Black "Malek, Omid"]
[Result "0-1"]
[WhiteElo "2250"]
[BlackElo "2002"]
[PlyCount "146"]
[EventDate "2022.12.27"]
[EventType "swiss"]
[EventRounds "7"]
[EventCountry "CAN"]
[Source "ChessMix "]
[SourceDate "2023.01.10"]

1. e4 c5 2. Nf3 d6 3. c3 Nf6 4. Be2 Nbd7 5. Qc2 g6 6. d4 Qc7 7. O-O Bg7 8. c4
O-O 9. Nc3 a6 10. d5 Nb8 11. Bf4 Bg4 12. h3 Bxf3 13. Bxf3 Nbd7 14. Rfe1 Rab8
15. a4 Rbd8 16. Qd2 Ne8 17. Be2 Qa5 18. Bg5 Bf6 19. Bh6 Ng7 20. f4 Bd4+ 21. Kh2
Rfe8 22. Bd3 e6 23. Bg5 f6 24. Bh4 e5 25. fxe5 Nxe5 26. Rf1 g5 27. Be1 Nh5 28.
Qe2 Nxd3 29. Qxd3 Qc7 30. Qf3 Nf4 31. Bg3 Ng6 32. Rae1 Qe7 33. Kh1 Kh8 34. b3
Rf8 35. Ne2 Be5 36. Qg4 b5 37. axb5 axb5 38. Qf3 bxc4 39. bxc4 Rb8 40. Rb1 Qa7
41. Rxb8 Qxb8 42. Qd3 Qc8 43. Qb3 Qa6 44. Rb1 Kg8 45. Kh2 Kh8 46. Kh1 Kg8 47.
Kh2 Kh8 48. Rc1 Qa5 49. Rf1 Qd2 50. Bxe5 Nxe5 51. Ng3 g4 52. Nf5 Rg8 53. Qe3
Qxe3 54. Nxe3 g3+ 55. Kg1 Rb8 56. Rxf6 Rb3 57. Nf1 Nxc4 58. Rf3 Rb1 59. Rf7 Ne3
60. Rf3 Nc4 61. Rf8+ Kg7 62. Rf3 Nd2 63. Rxg3+ Kf6 64. Rg4 Rxf1+ 65. Kh2 c4 66.
Rg8 Ke5 67. Re8+ Kd4 68. e5 Kxd5 69. exd6 Kc6 70. Kg3 Rf6 71. Rh8 Ne4+ 72. Kg4
Nxd6 73. Kg5 Rf7 0-1

[Event "Montreal CAN, Pere Noel Open 2022"]
[Site "Montreal CAN"]
[Date "2022.12.30"]
[Round "5.5"]
[White "Zhong, Kevin"]
[Black "Guillemette, Hugo"]
[Result "1/2-1/2"]
[WhiteElo "2120"]
[BlackElo "1865"]
[PlyCount "83"]
[EventDate "2022.12.27"]
[EventType "swiss"]
[EventRounds "7"]
[EventCountry "CAN"]
[Source "ChessMix "]
[SourceDate "2023.01.10"]

1. e4 c5 2. Nf3 e6 3. d4 cxd4 4. Nxd4 Nc6 5. Nc3 Qc7 6. Be2 a6 7. O-O Nf6 8.
Be3 Bb4 9. Na4 Be7 10. c4 d6 11. Nc3 O-O 12. Rc1 Bd7 13. f4 Rac8 14. Kh1 Qb8
15. Qe1 Nxd4 16. Bxd4 Bc6 17. Qg3 Ne8 18. Bd3 b5 19. e5 bxc4 20. Bb1 dxe5 21.
Bxe5 Bd6 22. Rcd1 Bxe5 23. fxe5 f5 24. Rd2 Rd8 25. Rxd8 Qxd8 26. Qf4 Qc7 27.
Be4 Rf7 28. Bxc6 Qxc6 29. Rd1 Rb7 30. Rd2 h6 31. h3 Kh7 32. Qd4 Nc7 33. Qd6 Qb6
34. Na4 Qb4 35. Nc5 Rb5 36. Nd7 Nd5 37. Qxe6 Qxd2 38. Qxf5+ Kh8 39. Qf8+ Kh7
40. Qf5+ Kh8 41. Qf8+ Kh7 42. Qf5+ 1/2-1/2

[Event "Montreal CAN, Pere Noel Open 2022"]
[Site "Montreal CAN"]
[Date "2022.12.30"]
[Round "5.6"]
[White "Guipi Bopala, Prince Eric Jr"]
[Black "Zheng, Richard"]
[Result "0-1"]
[WhiteElo "1813"]
[BlackElo "2121"]
[PlyCount "90"]
[EventDate "2022.12.27"]
[EventType "swiss"]
[EventRounds "7"]
[EventCountry "CAN"]
[Source "ChessMix "]
[SourceDate "2023.01.10"]

1. d4 d5 2. c4 c6 3. Nf3 Nf6 4. Nc3 e6 5. g3 Nbd7 6. Bg2 Be7 7. O-O b6 8. Qa4
Bb7 9. Ne5 Nxe5 10. dxe5 Nd7 11. cxd5 exd5 12. Qg4 Nxe5 13. Qxg7 Ng6 14. Rd1
Bf6 15. Qh6 Qe7 16. h4 O-O-O 17. Bg5 Bxg5 18. Qxg5 Qxg5 19. hxg5 Ne5 20. Rac1
Kb8 21. b4 d4 22. Ne4 Ba6 23. f4 Ng4 24. Rd2 Ne3 25. Bf3 Bb5 26. Nf2 Rd6 27.
Nd3 Rc8 28. Ne5 Rc7 29. Be4 a6 30. Kf2 c5 31. bxc5 bxc5 32. Nf3 h6 33. Rh1 hxg5
34. fxg5 Ng4+ 35. Kg2 Re7 36. Bd3 c4 37. Bb1 Red7 38. Rh8+ Kc7 39. Kh3 c3 40.
Rc2 Ne3 41. Rc1 Bxe2 42. Ne5 Re7 43. g6 Rxe5 44. gxf7 Rd8 45. f8=Q Rxf8 0-1

[Event "Montreal CAN, Pere Noel Open 2022"]
[Site "Montreal CAN"]
[Date "2022.12.30"]
[Round "5.7"]
[White "Batorshyn, Ilia"]
[Black "Adam, Rafael"]
[Result "1-0"]
[WhiteElo "1990"]
[BlackElo "2020"]
[PlyCount "149"]
[EventDate "2022.12.27"]
[EventType "swiss"]
[EventRounds "7"]
[EventCountry "CAN"]
[Source "ChessMix "]
[SourceDate "2023.01.10"]

1. e4 e5 2. Nf3 Nc6 3. d4 exd4 4. Nxd4 Bc5 5. Nb3 Bb6 6. Nc3 Nge7 7. Bg5 h6 8.
Bh4 g5 9. Bg3 d6 10. Bc4 Ng6 11. Qd2 Be6 12. Nd5 Nce5 13. Be2 Bxd5 14. exd5 Qd7
15. O-O-O O-O-O 16. Kb1 Kb8 17. Qb4 h5 18. a4 h4 19. Bxe5 Nxe5 20. Rhf1 Qe7 21.
a5 Bc5 22. Qa4 a6 23. Rde1 Rde8 24. Nd2 Qd7 25. Qb3 Ka8 26. Ne4 Qf5 27. f3 Nd7
28. Qa4 Nf6 29. Bd3 Qe5 30. Nxf6 Qxe1+ 31. Rxe1 Rxe1+ 32. Ka2 Re7 33. Ne4 Be3
34. Qb3 f5 35. Nc3 Re5 36. Qa4 h3 37. gxh3 Rxh3 38. Bxf5 Rxf3 39. Bd3 Rf7 40.
Qg4 Kb8 41. Qh5 Rf4 42. Qh8+ Ka7 43. Qc8 Rf7 44. b4 Bd2 45. b5 Bxc3 46. b6+
cxb6 47. axb6+ Kxb6 48. Qxc3 Rf4 49. Bc4 Rh4 50. h3 Ka7 51. Bb3 Kb8 52. Qf3 Rf4
53. Qh5 Rh4 54. Qg6 Kc7 55. Qf7+ Kc8 56. Qf3 Rf4 57. Qc3+ Kb8 58. Qa5 Kc8 59.
Qb6 Rf6 60. Bc4 Re4 61. Bb3 Re5 62. Kb2 Rh6 63. Qg1 Kc7 64. Qf1 Rh4 65. Qf7+
Kc8 66. Qf3 Kc7 67. Qc3+ Kb8 68. Qa5 Kc8 69. Qb6 Rh6 70. Bc4 Re4 71. Bf1 Rf6
72. Bd3 Re5 73. c4 Rh6 74. c5 Rxd5 75. c6 1-0

[Event "Montreal CAN, Pere Noel Open 2022"]
[Site "Montreal CAN"]
[Date "2022.12.30"]
[Round "5.8"]
[White "Zhang, Chu Hang"]
[Black "Latorre, Vincent"]
[Result "0-1"]
[WhiteElo "1953"]
[BlackElo "1918"]
[PlyCount "78"]
[EventDate "2022.12.27"]
[EventType "swiss"]
[EventRounds "7"]
[EventCountry "CAN"]
[Source "ChessMix "]
[SourceDate "2023.01.10"]

1. e4 e5 2. Nf3 Nc6 3. Nc3 Nf6 4. d4 exd4 5. Nxd4 Bb4 6. Nxc6 bxc6 7. Bd3 O-O
8. O-O d5 9. exd5 cxd5 10. Bg5 c6 11. Qf3 Be7 12. h3 h6 13. Bh4 Be6 14. Rae1
Rb8 15. Na4 Rb4 16. Bxf6 Bxf6 17. b3 Qd6 18. Qe3 a5 19. Qc5 Qc7 20. c3 Rbb8 21.
Qe3 Qd6 22. Bb1 Bg5 23. f4 Bh4 24. Re2 Bd7 25. Qd3 g6 26. Kh2 Bf5 27. Qf3 Bxb1
28. Rxb1 Bf6 29. g3 Rfe8 30. Rd1 Rxe2+ 31. Qxe2 Rb7 32. Qa6 Re7 33. Rd2 h5 34.
c4 h4 35. Qc8+ Kg7 36. c5 hxg3+ 37. Kxg3 Re3+ 38. Kg4 Qe7 39. Qxc6 Bh4 0-1

[Event "Montreal CAN, Pere Noel Open 2022"]
[Site "Montreal CAN"]
[Date "2022.12.30"]
[Round "5.10"]
[White "Navarro, Pavel E"]
[Black "Kot, Emanuel"]
[Result "0-1"]
[WhiteElo "2152"]
[BlackElo "1955"]
[PlyCount "126"]
[EventDate "2022.12.27"]
[EventType "swiss"]
[EventRounds "7"]
[EventCountry "CAN"]
[Source "ChessMix "]
[SourceDate "2023.01.10"]

1. c4 e6 2. g3 Nf6 3. Bg2 d5 4. cxd5 exd5 5. Nf3 Be7 6. O-O O-O 7. d3 c5 8. h3
Nc6 9. Nbd2 d4 10. Nc4 Be6 11. a4 Nd5 12. Bd2 f5 13. Qc1 h6 14. Nfe5 Nxe5 15.
Nxe5 Bd6 16. Ng6 Re8 17. Nf4 Nxf4 18. Bxf4 Re7 19. h4 a5 20. Bf3 Qc7 21. Qd2
Bxf4 22. Qxf4 Qxf4 23. gxf4 Rd8 24. Rfc1 b6 25. Kg2 g6 26. Kg3 Kg7 27. Rd1 Kf6
28. Rh1 Bf7 29. Rag1 Rg8 30. Re1 Rd8 31. Reg1 Be8 32. Ra1 Rc7 33. Ra3 Bf7 34.
Rc1 Re7 35. Rh1 Rde8 36. Raa1 Re6 37. Rac1 Ke7 38. Ra1 Kd6 39. Rhc1 R6e7 40.
Rd1 Be6 41. Rg1 Bd7 42. Rgc1 Rg8 43. Rh1 g5 44. hxg5 hxg5 45. fxg5 Ke6 46. Kg2
Rxg5+ 47. Kf1 Reg7 48. Ra3 f4 49. Ke1 Rg1+ 50. Rxg1 Rxg1+ 51. Kd2 Rf1 52. Kc2
Kd6 53. Kd2 Bh3 54. Rb3 Kc7 55. Ra3 Rxf2 56. Ra1 Rf1 57. Rxf1 Bxf1 58. Kc2 Bh3
59. b3 Kd6 60. Bh5 Be6 61. Bf3 Ke5 62. Bh5 Kf6 63. Bf3 Kg5 0-1

[Event "Montreal CAN, Pere Noel Open 2022"]
[Site "Montreal CAN"]
[Date "2022.12.30"]
[Round "5.11"]
[White "Chapdelaine, Gwyn"]
[Black "Saha, Ananda"]
[Result "0-1"]
[WhiteElo "1833"]
[BlackElo "2062"]
[PlyCount "134"]
[EventDate "2022.12.27"]
[EventType "swiss"]
[EventRounds "7"]
[EventCountry "CAN"]
[Source "ChessMix "]
[SourceDate "2023.01.10"]

1. e4 e6 2. d4 d5 3. exd5 exd5 4. Nf3 c6 5. Bd3 Bd6 6. O-O Ne7 7. Re1 h6 8. Ne5
Be6 9. Bf4 Qc7 10. Qe2 g5 11. Bg3 h5 12. Ng6 Rh6 13. Bxd6 Qxd6 14. Nxe7 Qxe7
15. Nd2 Nd7 16. Nf1 O-O-O 17. Ne3 Qf6 18. c4 dxc4 19. Bxc4 Nb6 20. Bxe6+ Qxe6
21. Qc2 Rf6 22. Qc3 Nd5 23. Qa3 Kb8 24. Nxd5 Qxd5 25. Rad1 h4 26. h3 Qf5 27.
Qe3 Re6 28. Qc3 g4 29. Rxe6 fxe6 30. Qd3 Qxd3 31. Rxd3 gxh3 32. Rxh3 Rxd4 33.
b3 Kc7 34. Rf3 b5 35. Kf1 a5 36. Ke2 Rg4 37. Rh3 a4 38. Re3 Kd6 39. Kf3 Rd4 40.
g3 hxg3 41. fxg3 c5 42. g4 a3 43. Re2 Rd1 44. Rg2 Ke7 45. Rc2 Rd5 46. Kf4 Kf6
47. Re2 Rd4+ 48. Kf3 Rd5 49. Kg3 b4 50. Rc2 Rd3+ 51. Kf4 Rc3 52. g5+ Kf7 53.
Rh2 c4 54. bxc4 Rxc4+ 55. Ke5 Rc5+ 56. Kf4 Rf5+ 57. Kg4 Rf1 58. Kh5 Kg7 59. Rd2
Rh1+ 60. Kg4 Rb1 61. Kh5 Rb2 62. Rd7+ Kf8 63. g6 Rxa2 64. g7+ Kg8 65. Kg6 Rg2+
66. Kf6 Kh7 67. Ra7 Rg6+ 0-1

[Event "Montreal CAN, Pere Noel Open 2022"]
[Site "Montreal CAN"]
[Date "2022.12.30"]
[Round "5.12"]
[White "Bassel, Charaf"]
[Black "Rauch, Frank"]
[Result "1/2-1/2"]
[WhiteElo "2006"]
[BlackElo "1698"]
[PlyCount "141"]
[EventDate "2022.12.27"]
[EventType "swiss"]
[EventRounds "7"]
[EventCountry "CAN"]
[Source "ChessMix "]
[SourceDate "2023.01.10"]

1. d4 Nf6 2. c4 g6 3. Nc3 Bg7 4. g3 O-O 5. Bg2 d6 6. Nf3 Nc6 7. d5 Na5 8. Nd2
c5 9. e4 a6 10. O-O Bd7 11. a4 Rb8 12. Re1 e5 13. Qe2 Nh5 14. Ra3 Qe8 15. Bf3
Nf6 16. Nf1 b6 17. h4 h5 18. Ne3 Bh6 19. Nf5 Bxc1 20. Nxd6 Qe7 21. Nf5 Bxf5 22.
exf5 Bh6 23. fxg6 fxg6 24. Ne4 Nxe4 25. Bxe4 Rf6 26. Bd3 Qf8 27. Qxe5 Bg7 28.
f4 Nb7 29. Qc7 Qd6 30. Re7 Qxc7 31. Rxc7 Nd6 32. Rb3 Nf5 33. Bxf5 Rxf5 34. Ra7
a5 35. Rxa5 bxa5 36. Rxb8+ Rf8 37. Rb5 Bd4+ 38. Kf1 Ra8 39. b3 Kf7 40. Kg2 Kf6
41. Rb7 Re8 42. d6 Rd8 43. d7 Ke7 44. Rb6 Bf6 45. Rc6 Rxd7 46. Rxc5 Bc3 47. Rg5
Kf6 48. Kf3 Re7 49. Rd5 Bb4 50. Rb5 Re1 51. Rb6+ Kg7 52. Rb7+ Kh6 53. g4 hxg4+
54. Kxg4 Rg1+ 55. Kf3 Rb1 56. Ke4 Rxb3 57. f5 gxf5+ 58. Kxf5 Rc3 59. Rc7 Ra3
60. c5 Rxa4 61. c6 Ra1 62. Rb7 Rc1 63. c7 Rc6 64. Ke5 Bd6+ 65. Kd5 Rxc7 66. Rb6
Ra7 67. Rxd6+ Kh5 68. Kc4 a4 69. Rd1 a3 70. Ra1 Kxh4 71. Kb3 1/2-1/2

[Event "Montreal CAN, Pere Noel Open 2022"]
[Site "Montreal CAN"]
[Date "2022.12.30"]
[Round "5.13"]
[White "Sekki, Abderaouf"]
[Black "Hrivnak, Vladimir"]
[Result "1/2-1/2"]
[WhiteElo "1783"]
[BlackElo "2235"]
[PlyCount "99"]
[EventDate "2022.12.27"]
[EventType "swiss"]
[EventRounds "7"]
[EventCountry "CAN"]
[Source "ChessMix "]
[SourceDate "2023.01.10"]

1. d4 d5 2. c4 e6 3. Nc3 Nf6 4. Nf3 c6 5. Bg5 Nbd7 6. Qc2 dxc4 7. e4 b5 8. e5
h6 9. Bh4 g5 10. Bg3 Nd5 11. Nd2 Bb7 12. Nde4 Qa5 13. Be2 c5 14. dxc5 Nxc5 15.
Nxc5 Bxc5 16. O-O Nxc3 17. bxc3 h5 18. h3 h4 19. Bh2 Qa3 20. Rab1 Bc6 21. Rfd1
a6 22. Qd2 Be7 23. Bf3 Bxf3 24. Qd7+ Kf8 25. gxf3 Kg7 26. f4 Rhd8 27. Qb7 Rxd1+
28. Rxd1 Rd8 29. Rxd8 Bxd8 30. f5 exf5 31. Qc8 Be7 32. Qd7 f4 33. Bxf4 gxf4 34.
Qg4+ Kh6 35. Qxf4+ Bg5 36. Qxf7 Qe7 37. Qf5 Qh7 38. Qg4 Qg6 39. Kf1 Bd2 40.
Qxh4+ Kg7 41. Qe7+ Kh6 42. Qf8+ Kh5 43. Qh8+ Bh6 44. Qc8 Qd3+ 45. Kg2 Qe4+ 46.
Kg1 Qe1+ 47. Kg2 Qe4+ 48. Kg1 Qe1+ 49. Kg2 Qe4+ 50. Kg1 1/2-1/2